000
00244nam a2200097Ia 4500
001
807613
005
20250826171234.0
008
250824s9999 xx 000 0 und d
245
0
_a
BENİM ADIM İSTANBUL
_c
BUKET UZUNER
260
_b
EVEREST YAYINLARI
999
_c
807613
_d
807613